000 00675nam a22002417a 4500
003 UA-OsUOA
001 71398
007 ta
008 20101025b un ||||| |||| 00| 0 ukr d
100 _aТерещенко А. К.
090 _a7.071:78.071.2(477)
_bТ35
942 _cBK
040 _aUA-OsUOA
_bukr
_cUA-OsUOA
_dUA-OsUOA
245 _aАнатолій Солов'яненко. Творчий шлях
300 _a352 с.
955 _a2
041 _aukr
080 _a7.071:78.071.2(477)
020 _a978-966-06-0555-8
260 _aК.
_bЛибідь
_c2009
650 7 _a7.0 Загальні питання мистецтва
_2UDC
999 _c357679
_d357679